Sports Quiz

Random Sports Quiz

Wrestlers Who Have Portrayed Suicide in TNA Quiz Stats

 Plays Quiz not verified by Sporcle

Score 0/7 Timer 02:00
0 Plays Today
% Correct
TJ Perkins
83.1%
Christopher Daniels
81.4%
Frankie Kazarian
66.7%
Austin Aries
59.3%
Caleb Konley
22.9%
Kiyoshi
19.5%
Jonathan Gresham
18.2%

You're not logged in!

Compare scores with friends on all Sporcle quizzes.
Join for Free
OR
Log In

You Might Also Like...

Show Comments

Extras

Top Quizzes Today


Score Distribution

Your Account Isn't Verified!

In order to create a playlist on Sporcle, you need to verify the email address you used during registration. Go to your Sporcle Settings to finish the process.

Report this User

Report this user for behavior that violates our Community Guidelines.

Details: